00647ntm a2200205 u 450000100070000000500170000700800410002403500110006504000130007604100080008908000090009710000400010624500480014626000100019430000130020449000590021765000510027665000680032765000460039560002220260506084426.0000609s1936 spa  a600022 ccomduadb aspa aLLM/10aGuzmán Esponda, Eduardo4auteaut10aPrologo del libro La Sociedad Contemporanea c1936. a6 folios0 aEscritos sobre Luis Lopez de Mesa (Serie documental) aLopez de Mesa, Luis. La sociedad contemporanea aLópez de Mesa, Luis, 1884-1967 - Crítica e interpretación aLopez de Mesa, Luis. La tragedia de Nilse